مبادىء المساحة و التصوير الجوي / (رقم التسجيلة. 93637)
[ عرض عادي ]
| 000 -LEADER | |
|---|---|
| fixed length control field | 00765nam a22002297a 4500 |
| 005 - DATE AND TIME OF LATEST TRANSACTION | |
| control field | 20251108173008.0 |
| 008 - FIXED-LENGTH DATA ELEMENTS--GENERAL INFORMATION | |
| fixed length control field | 250721s2002 xx 000 0 ara d |
| 082 14 - DEWEY DECIMAL CLASSIFICATION NUMBER | |
| Classification number | 912/عبا |
| 100 1# - MAIN ENTRY--PERSONAL NAME | |
| Personal name | العبادي، خضر |
| 245 10 - TITLE STATEMENT | |
| Title | مبادىء المساحة و التصوير الجوي / |
| 246 11 - VARYING FORM OF TITLE | |
| Title proper/short title | principals surveying and aerial photography |
| 264 1# - PRODUCTION, PUBLICATION, DISTRIBUTION, MANUFACTURE, AND COPYRIGHT NOTICE | |
| Place of production, publication, distribution, manufacture | عمان : |
| Name of producer, publisher, distributor, manufacturer | دار العلمية الدولية للنشر و التزيع، |
| Date of production, publication, distribution, manufacture, or copyright notice | 2002. |
| 300 ## - PHYSICAL DESCRIPTION | |
| Extent | 341ص. |
| 490 0# - SERIES STATEMENT | |
| Series statement | موسوعة علم الخرائط الكارتوكرافي |
| Volume/sequential designation | 7 |
| 650 17 - SUBJECT ADDED ENTRY--TOPICAL TERM | |
| Topical term or geographic name as entry element | الخرائط |
| 650 17 - SUBJECT ADDED ENTRY--TOPICAL TERM | |
| Topical term or geographic name as entry element | مقياس الرسم |
| 650 17 - SUBJECT ADDED ENTRY--TOPICAL TERM | |
| Topical term or geographic name as entry element | المساحة |
| 650 17 - SUBJECT ADDED ENTRY--TOPICAL TERM | |
| Topical term or geographic name as entry element | التصوير |
| 650 17 - SUBJECT ADDED ENTRY--TOPICAL TERM | |
| Topical term or geographic name as entry element | المسح التصويري |
| 942 ## - ADDED ENTRY ELEMENTS (KOHA) | |
| Source of classification or shelving scheme | Dewey Decimal Classification |
| Koha item type | كتب |
| حالة السحب | حالة الفقدان | مصدر التصنيف | حالة التلف | غير قابل للإعارة | المكتبة الرئيسية | المكتبة الحالية | موقع الرف | تاريخ التزويد | الرقم المتسلسل | Total Checkouts | رقم الإستدعاء | الباركود | تاريخ آخر ظهور | تاريخ الفاتورة | نوع المادة (كوها) |
|---|---|---|---|---|---|---|---|---|---|---|---|---|---|---|---|
| Dewey Decimal Classification | المكتبة المركزية | المكتبة المركزية | الإعارة | 26/09/2016 | 1628602 | 912/عبا | PLD00395906 | 28/07/2025 | 26/09/2016 | كتب |